| 000 | 01141nas a2200409 4500 | ||
|---|---|---|---|
| 001 | BR2014008051 | ||
| 003 | BR-BrBNA | ||
| 005 | 20231205124836.0 | ||
| 007 | ta | ||
| 008 | 230509b bl.|||p| |||| 00| 00por d | ||
| 040 |
_aBR-BrBNA _bpor _cBiblioteca Nacional de Agricultura |
||
| 041 | _a(En) | ||
| 072 | _aL73; L70 | ||
| 100 | 1 | _aCaffaro, K.A. | |
| 100 | 1 | _aHussni, C.A. | |
| 100 | 1 | _aRisseti, R.M. | |
| 100 | 1 | _aFrança, D.Q. | |
| 100 | 1 | _aFranco, M.M.J. | |
| 100 | 1 | _aMachado, V.M. de V. | |
| 100 | 1 | _aBelotta, A.F. | |
| 100 | 1 | _aPaes, A.C. | |
| 100 | 1 | _aLara, G.H.B. | |
| 100 | 1 | _aMorais, A.B.C. de | |
| 100 | 1 | _aListoni, F.J.P. | |
| 100 | 1 | _aRibeiro, M.G. | |
| 245 | 1 | _aDeforming mandibular osteomyelitis in a cow caused by Trueperella pyogenes | |
| 650 | _aVACA | ||
| 650 | _aOSTEOMIELITE | ||
| 650 | _aMANDÍBULA | ||
| 650 | _aLESÃO | ||
| 650 | _aBACTÉRIA | ||
| 650 | _aTRANSMISSÃO DE DOENÇA | ||
| 650 | _aAUTOPSIA | ||
| 773 | 0 |
_tCiência Rural (Brazil) _xISSN 0103-8478 _g(Nov 2014), v. 44(11) p. 2035-2038 _wBR2014008051 |
|
| 909 |
_a202311 _bLúcia _c55 _dLúcia Elande |
||
| 942 |
_2AGRIS _n0 _cANA |
||
| 999 |
_c241188 _d241188 |
||